00542nam a2200157Ia 4500008004000000082001800040100002400058245004700082260003800129300000800167650001400175690002400189906001100213999001700224952014300241210210b1981 xxu||||| |||| 00| 0 eng d a342.0667 SHAI aSHARMA (Girdhar B). aImplementation of ombudsman plan in India. aNDbAshish publishing housec1981 a268 aOmbudsman aIndian Constitution a037791 c87898d87898 001040708Political ScienceaALbALcPolitical Scienced2021-02-17g85.00l0o342.0667 SHAIp037791r2021-02-17 00:00:00w2021-02-17yBK